Cải tiến kỹ thuật nuôi tôm tại Việt Nam

Sách cung cấp các thông tin về kỹ thuật nuôi tôm ở Việt Nam và các nước sản xuất tôm trên thế giới. Những yếu tố sinh học và môi trường liên quan tới kỹ nghệ nuôi tôm; Phương pháp chuẩn bị ao hồ nuôi tôm; Các loại thức ăn và phương...

সম্পূর্ণ বিবরণ

সংরক্ষণ করুন:
গ্রন্থ-পঞ্জীর বিবরন
প্রধান লেখক: Vũ, Thế Trụ
বিন্যাস: গ্রন্থ
ভাষা:Undetermined
প্রকাশিত: Thành phố Hồ Chí Minh Nông Nghiệp 2003
বিষয়গুলি:
ট্যাগগুলো: ট্যাগ যুক্ত করুন
কোনো ট্যাগ নেই, প্রথমজন হিসাবে ট্যাগ করুন!
Thư viện lưu trữ: Trung tâm Học liệu Trường Đại học Cần Thơ
LEADER 01141nam a2200205Ia 4500
001 CTU_57091
008 210402s9999 xx 000 0 und d
020 |c 30000 
082 |a 639.68 
082 |b Tr500 
100 |a Vũ, Thế Trụ 
245 0 |a Cải tiến kỹ thuật nuôi tôm tại Việt Nam 
245 0 |c Vũ Thế Trụ 
260 |a Thành phố Hồ Chí Minh 
260 |b Nông Nghiệp 
260 |c 2003 
520 |a Sách cung cấp các thông tin về kỹ thuật nuôi tôm ở Việt Nam và các nước sản xuất tôm trên thế giới. Những yếu tố sinh học và môi trường liên quan tới kỹ nghệ nuôi tôm; Phương pháp chuẩn bị ao hồ nuôi tôm; Các loại thức ăn và phương pháp cho tôm ăn; Điều hành ao nuôi tôm; Phương pháp trị liệu và phòng ngừa các bệnh của tôm 
650 |a Shrimp culture 
904 |i Trọng Hải sửa số pl 639.58/Tr500 thành 639.68/Tr500 
980 |a Trung tâm Học liệu Trường Đại học Cần Thơ